<?xml version="1.0" encoding="UTF-8"?>
<record
    xmlns:xsi="http://www.w3.org/2001/XMLSchema-instance"
    xsi:schemaLocation="http://www.loc.gov/MARC21/slim http://www.loc.gov/standards/marcxml/schema/MARC21slim.xsd"
    xmlns="http://www.loc.gov/MARC21/slim">

  <leader>01115nam a2200325 a 4500</leader>
  <controlfield tag="005">20240515102732.0</controlfield>
  <controlfield tag="008">100708s2017||||ag     f |||| 001 0 spa d</controlfield>
  <datafield tag="020" ind1=" " ind2=" ">
    <subfield code="a">9789871639748</subfield>
  </datafield>
  <datafield tag="041" ind1=" " ind2=" ">
    <subfield code="a">spa</subfield>
  </datafield>
  <datafield tag="092" ind1=" " ind2=" ">
    <subfield code="c">618.2</subfield>
    <subfield code="l">47</subfield>
    <subfield code="s">LAS</subfield>
  </datafield>
  <datafield tag="245" ind1=" " ind2="4">
    <subfield code="a">Las preguntas de la embarazada /</subfield>
    <subfield code="c">Gustavo Izbizky</subfield>
  </datafield>
  <datafield tag="250" ind1=" " ind2=" ">
    <subfield code="a">2a ed.</subfield>
  </datafield>
  <datafield tag="260" ind1=" " ind2=" ">
    <subfield code="a">Buenos Aires: </subfield>
    <subfield code="b">delhospital ediciones;</subfield>
    <subfield code="c">2017.</subfield>
  </datafield>
  <datafield tag="300" ind1=" " ind2=" ">
    <subfield code="a">272 p.</subfield>
    <subfield code="c">22x16 cm.</subfield>
  </datafield>
  <datafield tag="500" ind1=" " ind2=" ">
    <subfield code="a">Izbizky, G. et al. (2017). Las preguntas de la embarazada. (2a ed.). Buenos Aires : delhospital ediciones.</subfield>
  </datafield>
  <datafield tag="653" ind1=" " ind2=" ">
    <subfield code="a">Antes del embarazo</subfield>
  </datafield>
  <datafield tag="653" ind1=" " ind2=" ">
    <subfield code="a">Inicio del embarazo</subfield>
  </datafield>
  <datafield tag="653" ind1=" " ind2=" ">
    <subfield code="a">Control prenatal durante el embarazo</subfield>
  </datafield>
  <datafield tag="653" ind1=" " ind2=" ">
    <subfield code="a">Costumbres y h&#xE1;bitos durante el embarazo</subfield>
  </datafield>
  <datafield tag="653" ind1=" " ind2=" ">
    <subfield code="a">Cambios f&#xED;sicos durante el embarazo</subfield>
  </datafield>
  <datafield tag="653" ind1=" " ind2=" ">
    <subfield code="a">Complicaciones durante el embarazo</subfield>
  </datafield>
  <datafield tag="653" ind1=" " ind2=" ">
    <subfield code="a">Preparaci&#xF3;n para el parto y nacimiento del beb&#xE9;</subfield>
  </datafield>
  <datafield tag="653" ind1=" " ind2=" ">
    <subfield code="a">Puerperio</subfield>
  </datafield>
  <datafield tag="653" ind1=" " ind2=" ">
    <subfield code="a">Lactancia</subfield>
  </datafield>
  <datafield tag="700" ind1="1" ind2=" ">
    <subfield code="a">Izbizky, Gustavo</subfield>
    <subfield code="9">3430</subfield>
  </datafield>
  <datafield tag="700" ind1="1" ind2=" ">
    <subfield code="a">Lage, Mar&#xED;a Fernanda</subfield>
    <subfield code="9">3431</subfield>
  </datafield>
  <datafield tag="700" ind1="1" ind2=" ">
    <subfield code="a">Mercanzini, Laura</subfield>
    <subfield code="9">3432</subfield>
  </datafield>
  <datafield tag="700" ind1="1" ind2=" ">
    <subfield code="a">Sebastiani, Mario</subfield>
    <subfield code="9">3433</subfield>
  </datafield>
  <datafield tag="942" ind1=" " ind2=" ">
    <subfield code="2">ddc</subfield>
    <subfield code="c">BK</subfield>
  </datafield>
  <datafield tag="999" ind1=" " ind2=" ">
    <subfield code="c">2603</subfield>
    <subfield code="d">2603</subfield>
  </datafield>
  <datafield tag="952" ind1=" " ind2=" ">
    <subfield code="0">0</subfield>
    <subfield code="1">0</subfield>
    <subfield code="2">ddc</subfield>
    <subfield code="4">0</subfield>
    <subfield code="7">0</subfield>
    <subfield code="8">REF</subfield>
    <subfield code="a">BFM</subfield>
    <subfield code="b">BFM</subfield>
    <subfield code="c">REF</subfield>
    <subfield code="d">2017-12-15</subfield>
    <subfield code="e"> 	 Donaci&#xF3;n DelHospital Ediciones Hospital Italiano, Diciembre 2017</subfield>
    <subfield code="l">1</subfield>
    <subfield code="o">618.2 47 LAS</subfield>
    <subfield code="p">4083</subfield>
    <subfield code="r">2018-06-06</subfield>
    <subfield code="s">2018-06-04</subfield>
    <subfield code="t">Ej. 1</subfield>
    <subfield code="w">2017-12-15</subfield>
    <subfield code="y">REF</subfield>
    <subfield code="z"> 	 Donaci&#xF3;n DelHospital Ediciones Hospital Italiano, Diciembre 2017</subfield>
  </datafield>
  <datafield tag="952" ind1=" " ind2=" ">
    <subfield code="0">0</subfield>
    <subfield code="1">0</subfield>
    <subfield code="2">ddc</subfield>
    <subfield code="4">0</subfield>
    <subfield code="7">0</subfield>
    <subfield code="a">BFM</subfield>
    <subfield code="b">BFM</subfield>
    <subfield code="c">CR</subfield>
    <subfield code="d">2017-12-15</subfield>
    <subfield code="e">Donaci&#xF3;n DelHospital Ediciones Hospital Italiano, Diciembre 2017</subfield>
    <subfield code="l">1</subfield>
    <subfield code="o">618.2 47 LAS</subfield>
    <subfield code="p">4084</subfield>
    <subfield code="r">2018-06-06</subfield>
    <subfield code="s">2018-06-05</subfield>
    <subfield code="t">Ej. 2</subfield>
    <subfield code="w">2017-12-15</subfield>
    <subfield code="y">BK</subfield>
    <subfield code="z">Donaci&#xF3;n DelHospital Ediciones Hospital Italiano, Diciembre 2017</subfield>
  </datafield>
  <datafield tag="952" ind1=" " ind2=" ">
    <subfield code="0">0</subfield>
    <subfield code="1">0</subfield>
    <subfield code="2">ddc</subfield>
    <subfield code="4">0</subfield>
    <subfield code="7">0</subfield>
    <subfield code="a">BFM</subfield>
    <subfield code="b">BFM</subfield>
    <subfield code="c">CR</subfield>
    <subfield code="d">2017-12-15</subfield>
    <subfield code="e">Donaci&#xF3;n DelHospital Ediciones Hospital Italiano, Diciembre 2017</subfield>
    <subfield code="l">1</subfield>
    <subfield code="o">618.2 47 LAS</subfield>
    <subfield code="p">4085</subfield>
    <subfield code="r">2024-05-24</subfield>
    <subfield code="s">2024-05-24</subfield>
    <subfield code="t">Ej. 3</subfield>
    <subfield code="w">2017-12-15</subfield>
    <subfield code="y">BK</subfield>
    <subfield code="z">Donaci&#xF3;n DelHospital Ediciones Hospital Italiano, Diciembre 2017</subfield>
  </datafield>
</record>
